[Event "Bristol op"]
[Site "Bristol"]
[Date "2006.12.09"]
[Round "3"]
[White "Mordue, A Tyson"]
[Black "Beaumont, Chris"]
[Result "1/2-1/2"]
[WhiteElo "2152"]
[BlackElo "2178"]
[PlyCount "45"]
[EventDate "2006.12.08"]
[EventType "swiss"]
[EventRounds "5"]
[EventCountry "ENG"]
[SourceTitle "EXT 2008"]
[Source "ChessBase"]
[SourceDate "2007.11.25"]
[SourceVersion "1"]
[SourceVersionDate "2007.11.25"]
[SourceQuality "1"]

1. e4 c5 2. Nf3 g6 3. d4 cxd4 4. Nxd4 Nc6 5. Nc3 Bg7 6. Be3 Nf6 7. Bc4 0-0 8. Bb3 d6 9. f3 Bd7 10. Qd2 Rc8 11. 0-0 a6 12. Nd5 Ne5 13. Rad1 b5 14. Bh6 Nxd5 15. Bxg7 Kxg7 16. exd5 Qb6 17. Kh1 Rfe8 18. f4 Nc4 19. Qf2 Qc5 20. f5 f6 21. c3 Ne5 22. Qg3 g5 23. Rfe1 1/2-1/2

[Event "BCF-chT4 0607 (4NCL)"]
[Site "Sunningdale"]
[Date "2006.12.02"]
[Round "3.1"]
[White "Mordue, A Tyson"]
[Black "Ireland, David J"]
[Result "1/2-1/2"]
[WhiteElo "2299"]
[BlackElo "1987"]
[PlyCount "85"]
[EventDate "2006.09.16"]
[EventType "team"]
[EventRounds "11"]
[EventCountry "ENG"]
[SourceTitle "EXT 2008"]
[Source "ChessBase"]
[SourceDate "2007.11.25"]
[SourceVersion "1"]
[SourceVersionDate "2007.11.25"]
[SourceQuality "1"]
[WhiteTeam "Braille Chess Association"]
[BlackTeam "Addlestone"]
[WhiteTeamCountry "ENG"]
[BlackTeamCountry "ENG"]

1. e4 Nf6 2. e5 Nd5 3. d4 d6 4. Nf3 dxe5 5. Nxe5 g6 6. Qf3 f6 7. Nd3 Nc6 8. c3 Bg7 9. Nf4 Nxf4 10. Bxf4 0-0 11. Bc4+ Kh8 12. d5 Ne5 13. Bxe5 fxe5 14. Qe2 b5 15. Bb3 Qd7 16. Na3 a6 17. Rd1 Bb7 18. Nc2 a5 19. a3 Ba6 20. Qe4 Rf4 21. Qe3 a4 22. Ba2 Qf5 23. Qd2 b4 24. Ne3 bxc3 25. bxc3 Qh5 26. c4 Rb8 27. 0-0 Rd4 28. Qa5 Rb6 29. Qxa4 Rf6 30. Qe8+ Rf8 31. Qxe7 Qe2 32. Bb3 Rdf4 33. Rde1 Qb2 34. Rb1 Qd2 35. Rbd1 Qb2 36. Rb1 Qd2 37. Rbd1 Qb2 38. Bc2 Bxc4 39. Nxc4 Qxc2 40. Ne3 Qe2 41. Rde1 Qd2 42. Rd1 Qe2 43. Rde1 1/2-1/2